11 titulaire de la France lors de la finale de a coupe du monde 1998 - Statistiques

Statistiques générales
  • Ce quiz a été pris 340 fois
  • Le résultat moyen est 9 sur 11
Statistiques - réponses
Club (au moment de la coupe du monde) Joueur % Correct
Juventus Zinédine Zidane
99%
AS Monaco Fabien Barthez
93%
Bayern Munich Bixente Lizarazu
89%
Parme AC Lilian Thuram
88%
Juventus Didier Deschamps
85%
Arsenal Emmanuel Petit
83%
Ac Milan Marcel Desailly
83%
Inter Milan Youri Djorkaeff
73%
Chelsea Frank Lebœuf
61%
Newcastle United Stephane Guivarc'h
56%
Real Madrid Christian Karembeu
48%
Aucun quiz correspondant
Distribution des résultats
% des personnes avec chaque résultat
Percentile par nombre de réponses
Votre historique - résultats
Vous n’avez pas pris ce quiz